| 000 -LEADER | |
|---|---|
| fixed length control field | 00330nam a22001217a 4500 |
| 020 ## - INTERNATIONAL STANDARD BOOK NUMBER | |
| ISBN | 9780750680448 |
| 050 ## - LIBRARY OF CONGRESS CALL NUMBER | |
| Classification number | HF5657ogi |
| 100 ## - MAIN ENTRY--AUTHOR NAME | |
| Personal name | Ogilvie, John |
| 245 ## - TITLE STATEMENT | |
| Title | Management accounting-financial strategy: CIMA's learning system |
| 260 ## - PUBLICATION, DISTRIBUTION, ETC. (IMPRINT) | |
| Place of publication | Oxford |
| Name of publisher | Elsevier Ltd |
| Year of publication | 2006 |
| 300 ## - PHYSICAL DESCRIPTION | |
| Number of Pages | xxiii, 699p.:ill., includes index |
| 942 ## - ADDED ENTRY ELEMENTS (KOHA) | |
| Koha item type | Books |
| Koha item type | Collection code | Shelving location | Accession Number | Permanent Location | Current Location | Date acquired | Full call number |
|---|---|---|---|---|---|---|---|
| Books | Lending | Lending | 1417 | Chapman Library | Chapman Library | 2016-04-29 | HF5657ogi |

